00578nam a2200181Ia 4500003000900000008004100009020001800050040001600068080001500084100002000099245012500119260004200244300001500286490002100301650002500322650002400347650002500371IN-BaIIA211028s9999 xx 000 0 eng d a3-527-40637-9 cIIA Library a530.1bKEL aKelly, James J. 0aGraduate mathematical physicsbwith MATHEMATICA supplementscJames J. Kelly  aWeinheimbWiley-VCH Verlag Gmbhc2006 axvi, 466p. aPhysics textbook aAnalytical functions aIntegral transforms aMathematical physics